000 00837nam a22002657a 4500
003 DO-SdBNP
005 20250205091211.0
007 ta
008 210823b 2018 dr 00| 0 eng d
020 _a9789945609813
040 _aDO-SdBNP
_bspa
_cBNPHU
_erda
041 _hspa
082 _axxx
_bE531e
_222
100 1 _aEmanuel Conveniencia, Tracy Diomarys
_d1986-
_eautor
_979534
245 1 _aEgreso y desacato /
_cTracy Diomarys Emanuel Conveniencia
264 _aSanto Domingo :
_bSantuario,
_c2018.
300 _a55 páginas :
_biustraciones. ;
_c23 cm.
336 _ardacontent
_btexto
_2txt
337 _ardamedia
_bsin mediación
_2n
338 _ardacarrier
_bvolumen
_2nc
500 _aIncluye datos biográficos de la autora en la solapa de la cubierta
590 _aInventariado, 2021/BT
910 _aBtavárez
942 _2ddc
_cLBS1
999 _c50246
_d50246